La deformación de la acción de gobierno (Registro nro. 166380)

Detalles MARC
000 -LEADER
fixed length control field 03019nam a22002657a 4500
007 - PHYSICAL DESCRIPTION FIXED FIELD--GENERAL INFORMATION
fixed length control field cr|||| ||||
008 - FIXED-LENGTH DATA ELEMENTS--GENERAL INFORMATION
fixed length control field 180928s2016 es |||||s|||| 00||0 spa d
020 ## - INTERNATIONAL STANDARD BOOK NUMBER
International Standard Book Number 978-84-9961-247-8
035 ## -
-- 22030
040 ## - CATALOGING SOURCE
Original cataloging agency vLex
090 ## -
-- 8143
-- 8143
100 1# - MAIN ENTRY--PERSONAL NAME
Personal name Donahue, John D.
245 12 - TITLE STATEMENT
Title La deformación de la acción de gobierno
Medium [Recurso electrónico] /
Statement of responsibility, etc John D. Donahue
256 ## -
-- Servicio en línea
260 ## - PUBLICATION, DISTRIBUTION, ETC. (IMPRINT)
Place of publication, distribution, etc Madrid:
Name of publisher, distributor, etc Editorial Universitaria Ramón Areces,
Date of publication, distribution, etc 2016
300 ## - PHYSICAL DESCRIPTION
Extent 1 recurso electrónico
500 ## - GENERAL NOTE
General note El sector público se ha convertido en un refugio, y en un vestigio, para la economía moribunda de la clase media de los Estados Unidos. A medida que los universos laborales público y privado han seguido direcciones divergentes, las brechas existentes entre estos dos mundos están distorsionando la acción de Gobierno de formas no deseadas. Tres décadas de turbulencias económicas han provocado que los puestos de trabajo estadounidenses sean más exigentes y menos seguros, mejor remunerados para los trabajadores más cualificados y peor remunerados para los trabajadores sin una gran formación. Esta revolución laboral, sin embargo, no ha afectado al Gobierno. Los empleados públicos, que representan aproximadamente una sexta parte de la población activa, siguen trabajando bajo las mismas condiciones de riesgos y oportunidades limitadas que caracterizaron la mayor parte de los sectores de la economía durante el auge de la clase media después de la Segunda Guerra Mundial. La divergencia entre los caminos seguidos por el empleo público y el privado se ha intensificado consolidando así una pauta de larga duración: los trabajadores más cualificados desprecian los empleos públicos, mientras que los trabajadores menos cualificados se aferran a estos al considerarlos un refugio ante las duras condiciones laborales impuestas por el sector privado. La primera tendencia crea un déficit crónico de talento en el sector público. Y la segunda provoca que el empleo público sea rígido y resistente al cambio. Y ambas tendencias contribuyen a las deficiencias de la actuación del sector público. La Deformación de la Acción de Gobierno documenta el aislamiento del Gobierno respecto del resto de la economía estadounidense y presenta el difícil dilema al que nos enfrentamos para reducir o acomodar la brecha existente entre el empleo público y el empleo privado.
506 1# - RESTRICTIONS ON ACCESS NOTE
Terms governing access Disponible solo en los productos indicados
Authorized users vLex Global
-- vLex Global (Academic Edition, excluding Law Schools)
-- vLex Global (U.S. Academic Edition, Law Schools)
-- vLex Global (U.S. Academic Edition, excluding Law Schools)
-- vLex Global (Academic Edition, Law Schools)
650 04 - SUBJECT ADDED ENTRY--TOPICAL TERM
Topical term or geographic name as entry element Derecho Laboral y Seguridad Social
Geographic subdivision España
650 04 - SUBJECT ADDED ENTRY--TOPICAL TERM
Topical term or geographic name as entry element Derecho Público y Administrativo
Geographic subdivision España
740 0# -
-- vLex Libros (Servicio en línea)
856 40 - LOCALIZACIÓN Y ACCESO ELECTRÓNICO
Identificador Uniforme del Recurso (URI/URL) https://app.vlex.com/#/sources/deformacion-de-la-accion-de-gobierno-22030
942 ## -
-- RAA
999 ## -
-- 166380
-- 166380

No hay ítems disponibles.


CONTACTO


NOSOTROS


SITIOS DE INTERES

coordinacion.biblioteca.biblioteca@unienlinea.mx Misión, Visión y Objetivos Bases de datos
Directorio Bibliotecas Digitales y Repositorios
Normatividad Revistas y artículos
Convenios interbibliotecarios
Boletines



Hecho en México. Universidad Insurgentes (UIN). Todos los derechos reservados 2024. Esta página y sus contenidos pueden ser reproducidos con fines no lucrativos, siempre y cuando no se mutile, se cite la fuente completa y su dirección electrónicas. De otra forma requiere permiso previo por escrito de la institución




2024 Copyright Universidad Insurgentes | www.bibliouin.com.mx